Cẩm nang địa chỉ internet quốc tế
שמור ב:
| מחבר ראשי: | |
|---|---|
| פורמט: | ספר |
| שפה: | Undetermined |
| יצא לאור: |
Đồng Nai
Tổng hợp Đồng Nai
2002
|
| נושאים: | |
| תגים: |
הוספת תג
אין תגיות, היה/י הראשונ/ה לתייג את הרשומה!
|
| Thư viện lưu trữ: | Trung tâm Học liệu Trường Đại học Cần Thơ |
|---|
| LEADER | 00571nam a2200193Ia 4500 | ||
|---|---|---|---|
| 001 | CTU_60735 | ||
| 008 | 210402s9999 xx 000 0 und d | ||
| 020 | |b 30000 | ||
| 082 | |a 004.69025 | ||
| 082 | |b Ph506 | ||
| 100 | |a Nguyễn, Sanh Phúc | ||
| 245 | 0 | |a Cẩm nang địa chỉ internet quốc tế | |
| 245 | 0 | |c Nguyễn Sanh Phúc | |
| 260 | |a Đồng Nai | ||
| 260 | |b Tổng hợp Đồng Nai | ||
| 260 | |c 2002 | ||
| 650 | |a Internet addresses,Web sites | ||
| 904 | |i Minh, Năm | ||
| 980 | |a Trung tâm Học liệu Trường Đại học Cần Thơ | ||